Normal view
MARC view
Entry Personal Name
001 - CONTROL NUMBER
- control field: 40391
003 - CONTROL NUMBER IDENTIFIER
- control field: dpl
005 - DATE AND TIME OF LATEST TRANSACTION
- control field: 20120130134644.0
008 - FIXED-LENGTH DATA ELEMENTS
- fixed length control field: 120130|||a|||||| | ||| d
040 ## - CATALOGING SOURCE
- Original cataloging agency: dpl
- Transcribing agency: dpl
100 ## - HEADING--PERSONAL NAME
- Personal name: कुमार, के.
670 ## - SOURCE DATA FOUND
- Source citation: Work cat.: (dpl)12634: लाल, सी. 40390, ग्रन्थालय एवम् सूचना विज्ञान (विवरणात्मक प्रश्न):, 2007
670 ## - SOURCE DATA FOUND
- Source citation: Work cat.: (dpl)12634: लाल, सी. 40390, ग्रन्थालय एवम् सूचना विज्ञान (विवरणात्मक प्रश्न):, 2007
